Normal view
MARC view
Entry Término temático
001 - NÚMERO DE CONTROL
- campo de control: 39227
003 - IDENTIFICADOR DEL NÚMERO DE CONTROL
- campo de control: OSt
005 - FECHA Y HORA DE LA ÚLTIMA TRANSACCIÓN
- campo de control: 20200615033713.0
008 - DATOS DE LONGITUD FIJA
- campo de control de longitud fija: 200615|| aca||aabn | a|a d
040 ## - FUENTE DE LA CATALOGACIÓN
- Centro catalogador/agencia de origen: OSt
- Centro/agencia transcriptor: OSt
150 ## - ENCABEZAMIENTO--TÉRMINO DE MATERIA
- Término de materia o nombre geográfico como elemento de entrada: LITERATURA JAPONESA
- Subdivisión cronológica: 1868-
- Subdivisión general: TRADUCCIÓN
- Subdivisión general: BIBLIOGRAFÍA
670 ## - FUENTE DE DATOS ENCONTRADOS
- Cita de la fuente: Work cat.: (OSt)17617: Kokusai Bunka Kaikan (Tokyo, Japan). Toshoshitsu. 39226, Modern Japanese literature in translation :, 1979.
